000 00250nam a2200085Ia 4500
008 220204s9999 xx 000 0 und d
082 _a35:330(047)
_bKER
245 0 _aKerala Administrative Reorganisation and economy committee report 1965-67
942 _cBK
999 _c20755
_d20755